000 00288nam a2200121Ia 4500
005 20260328104326.0
008 260328s9999||||xx |||||||||||||| ||und||
100 _aMéndez, Ramón
245 0 _aMario Paredes /
_cRamón Méndez
260 _bColofon
650 _aARQUITECTOS
942 _cBK
999 _c11519
_d11519